|
|
|
|
| LEADER |
00000nab a2200000 a 4500 |
| 001 |
vtls000815785 |
| 003 |
SK-MaSNL |
| 005 |
20260305015414.0 |
| 008 |
250429c2002 xo 0 slo |
| 015 |
|
|
|a SNBRB2002/12-38961
|
| 035 |
|
|
|a CLN000167440
|
| 035 |
|
|
|a urn:nbn:sk:snk-abag8j
|
| 035 |
|
|
|a (urnnbn)urn:nbn:sk:snk:ar-007vcs
|
| 035 |
|
|
|a (uuid)c472d013-368f-473d-a034-0a0dfc0b03bf
|
| 040 |
|
|
|a SNKBUCL
|b slo
|c SNKBUCL
|e AACR2
|
| 041 |
0 |
|
|a slo
|
| 044 |
|
|
|a xo
|c SK
|
| 080 |
|
|
|a 616.12-007-053.31
|2 1997
|
| 245 |
0 |
0 |
|a Analýza 3-ročných skúseností s kritickou vrodenou chybou srdca novorodencov
|c A. ml. Jurko ... [et al.]
|
| 246 |
1 |
1 |
|a Analysis of three-year experience with critical congenital heart disease in neonates
|
| 300 |
|
|
|b Graf, tab.
|
| 504 |
|
|
|a Res. angl., slov.
|
| 504 |
|
|
|a Bibliogr. odkazy
|
| 650 |
0 |
7 |
|a defekty srdca, kongenitálne
|x diagnóza
|x terapia
|x patológia
|x u dojčiat a detí
|2 snkbucl
|9 1594330
|
| 650 |
0 |
7 |
|a transport pacientov
|2 snkbucl
|9 20736
|
| 650 |
0 |
7 |
|a novorodenec
|2 snkbucl
|9 674394
|
| 655 |
|
7 |
|a články z novín a časopisov
|2 snkbucl
|9 267496
|
| 700 |
1 |
|
|a Jurko, Alexander,
|d 1963-
|4 aut
|9 188679
|
| 700 |
1 |
|
|a Hudecová, J.
|4 aut
|9 266893
|
| 700 |
1 |
|
|a Jurko, Alexander
|4 aut
|9 526116
|
| 700 |
1 |
|
|a Čiljak, M.
|4 aut
|9 775649
|
| 700 |
1 |
|
|a Šparcová, A.
|4 aut
|9 803238
|
| 700 |
1 |
|
|a Zibolen, Mirko,
|d 1961-
|4 aut
|9 188362
|
| 700 |
1 |
|
|a Bánovčin, Peter,
|d 1954-
|4 aut
|9 185685
|
| 700 |
1 |
|
|a Dragula, Milan,
|d 1948-
|4 aut
|9 200651
|
| 773 |
0 |
|
|t Česko-slovenská pediatrie
|g Roč. 57, č. 6 (2002), s. 280-283
|x 0069-2328
|
| 850 |
|
|
|a Slovenská národná knižnica
|
| 852 |
|
|
|a Slovenská národná knižnica
|
| 954 |
|
|
|a odborná, vedecká literatúra pôvodná (slovenská)
|2 lita
|
| 958 |
|
|
|a article14
|
| 958 |
|
|
|a MI
|
| 958 |
|
|
|a NB
|
| 958 |
|
|
|a OND
|
| 958 |
|
|
|a EUIPO
|
| 999 |
|
|
|c 3274721
|d 3276651
|